Normal view
MARC view
Entry Personal Name
001 - CONTROL NUMBER
- control field: 32982
003 - CONTROL NUMBER IDENTIFIER
- control field: OSt
005 - DATE AND TIME OF LATEST TRANSACTION
- control field: 20211105135550.0
008 - FIXED-LENGTH DATA ELEMENTS
- fixed length control field: 211105|| aca||aabn | a|a d
040 ## - CATALOGING SOURCE
- Original cataloging agency: OSt
- Transcribing agency: OSt
100 ## - HEADING--PERSONAL NAME
- Personal name: Oliveira, Joana M., ed
670 ## - SOURCE DATA FOUND
- Source citation: Work cat.: (OSt): Symposium of the International Astronomical Union on the Magellanic System, Stars, Gas, and Galaxies 256th Keele University 2008 July 28-Aug 1 32978, The magellanic system, 2009